Estadísticas para Semana Santa Velez-Málaga

Haz click aquí para intentar la prueba.

Estadísticas generales

  • Esta prueba ha sido intentada 8 veces
  • La puntuación promedio es 13 de 19

Estadísticas de respuestas

Día% Correcto
Domingo de RamosPollinica
100%
Domingo de ResurreciónResucitado
100%
Sepulcro
100%
Dolores
83%
Martes SantoEcce-homo
83%
Huerto
83%
Miércoles SantoSentencia
83%
Sábado SantoSoledad
83%
Descendimiento
67%
Jueves SantoEl Pobre
67%
MádrugaEl Rico
67%
Humildad
67%
Penas
67%
Angustias
50%
Columna
50%
Coronado
33%
Gran Poder
33%
Viernes SantoLos Vígias
33%
Medinaceli
33%

Distribución de puntuación

Porcentaje por número respondido

Porcentaje de gente con cada puntuación

Historial de tus puntuaciones

No has intentado esta prueba.